00664nam a2200193 i 450000100060000000300090000600500170001500700030003200800410003508000220007610000280009824500870012626000290021330000410024260000280028385200220031199900170033395201200035084500ES-MaACL20230906175026.0t|041123s1932 fr ||||1| fre d a929Joffre, Joseph1 aJoffre, Joseph.914961310aMémoires du Maréchal Joffre b: (1910-1917) / cCesareo Joseph Jacques Joffre. aParis : bPlon, c[1932] a468 p., 15 lám. : bil. ; c23 cm.14aJoffre, Joseph.9149613 aES-MaACLjB-13598 c84500d84500 00104070aATENEOMbATENEOMcSPBd2008-01-17eSCl0oB-13598p1088305r2023-02-23 00:00:00w2023-02-23yMONOGRAFIA